[Event "Kiev Spring 2011"]
[Site "Kiev UKR"]
[Date "2011.03.22"]
[Round "5.21"]
[White "Kazarian,G"]
[Black "Lomsadze,Irakly"]
[Result "1-0"]
[WhiteElo "2114"]
[BlackElo "1811"]

1.Nf3 d5 2.d4 Nf6 3.c4 c6 4.Nc3 e6 5.e3 Nbd7 6.Qc2 Be7 7.Be2 dxc4 8.Bxc4 c5
9.O-O O-O 10.Rd1 Qc7 11.Bd3 a6 12.a4 b6 13.Ng5 h6 14.Nh7 Nxh7 15.Bxh7+ Kh8
16.Be4 Bb7 17.d5 exd5 18.Nxd5 Bxd5 19.Bxd5 Rad8 20.Bd2 Ne5 21.Bc3 Bf6 22.h3 Rd6
23.Qe2 Rfd8 24.Be4 Rxd1+ 25.Rxd1 Rxd1+ 26.Qxd1 Qd7 27.Qb3 b5 28.f4 Nc4 29.axb5 axb5
30.Bxf6 gxf6 31.Qd3 Qxd3 32.Bxd3 Nxb2 33.Bxb5 Nd1 34.e4 Nc3 35.Bd3 Kg7 36.Kf1 Kf8
37.Ke1 Ke7 38.Kd2 Na4 39.Bb5 Nb6 40.g4 Nc8 41.Bc4 Nd6 42.Bd5 Nb5 43.Kd3 Nd4
44.Bc4 Nf3 45.Ke3 Nd4 46.h4 Nc2+ 47.Kd3 Ne1+ 48.Ke2 Ng2 49.f5 Kd6 50.h5 Ke5
51.Kf2 Kd4 52.Bxf7 Ne3 53.Kf3 c4 54.g5 fxg5 55.f6  1-0

[Event "ch-VIE Men"]
[Site "Da Lat VIE"]
[Date "2011.03.23"]
[Round "5.13"]
[White "Doan Van Duc"]
[Black "Nguyen Thien Viet"]
[Result "1-0"]
[WhiteElo "2090"]
[BlackElo "2324"]

1.c4 Nf6 2.Nc3 c6 3.Nf3 d5 4.d4 e6 5.e3 Nbd7 6.Qc2 a6 7.a4 Bb4 8.Bd2 O-O
9.cxd5 exd5 10.Bd3 Re8 11.O-O Bd6 12.Rab1 Qe7 13.Ne2 a5 14.Ng3 g6 15.Bc3 Ne4
16.Bxe4 dxe4 17.Nd2 Nf6 18.Nc4 Bc7 19.b4 Ng4 20.bxa5 Qh4 21.h3 Nh6 22.Ne5 f6
23.Rxb7 Bxb7 24.Qb3+ Kh8 25.Qxb7 Bxa5 26.Bxa5 Rxa5 27.Nxc6 Rxa4 28.d5 f5
29.d6 Raa8 30.Rc1 Rf8 31.d7 Nf7 32.Ne2 Qf6 33.Nf4 Ra1 34.Rxa1 Qxa1+ 35.Kh2 Qf6
36.Qc7 Kg8 37.Nd5 Qe6 38.Nde7+ Kh8 39.d8=Q Nxd8 40.Nxd8 Qf6 41.Ndc6 Rf7 42.Qd8+ Kg7
43.Qg8+ Kh6 44.Qe8 Qd6+ 45.g3 Kg7 46.Nc8 Qf8 47.Qe5+ Kh6 48.N8e7 g5 49.Nd4 Rxe7
50.Nxf5+ Kh5 51.g4+  1-0

[Event "FIDE Zonal 3.5 w 2011"]
[Site "Tianjin CHN"]
[Date "2011.03.23"]
[Round "4"]
[White "Ju Wenjun"]
[Black "Li,X"]
[Result "1-0"]
[WhiteElo "2519"]
[BlackElo "2073"]

1.d4 d5 2.c4 c6 3.Nf3 Nf6 4.Nc3 e6 5.e3 Nbd7 6.Qc2 Bd6 7.Bd3 dxc4 8.Bxc4 b5
9.Bd3 Bb7 10.Ne4 Be7 11.O-O h6 12.Bd2 a5 13.Rfd1 O-O 14.Nc5 Nxc5 15.dxc5 Qc7
16.Bc3 Rad8 17.a4 b4 18.Be5 Qc8 19.e4 Nd7 20.Bd6 Bxd6 21.cxd6 e5 22.Bc4 c5
23.Rac1 Qa8 24.Bd5 Bxd5 25.Rxd5 Nf6 26.Rxe5 Rxd6 27.Qxc5 Rfd8 28.g3 Nxe4
29.Qxa5 Ra6 30.Qxb4 Rxa4 31.Qb3 Ra1 32.Rxa1 Qxa1+ 33.Kg2 Qa8 34.Qa3 Qxa3
35.bxa3 Nc3 36.Re3 Na4 37.h4 Ra8 38.Ne5 f6 39.Nc4 Ra6 40.Rb3 Kf7 41.h5 Rc6
42.Rb7+ Kf8 43.Ne3 Rc5 44.g4 Rc3 45.Nf5 Nc5 46.Rc7 Ne4 47.Rxc3 Nxc3 48.Kf3 Kf7
49.Nh4 Na4 50.Ke3 Ke6 51.Kd4 Nb2 52.f3 Na4 53.Nf5 Kf7 54.Nd6+ Ke6 55.Ne4 Kf7
56.Nc5 Nb6 57.a4 g6 58.a5 Na8 59.Kd5 gxh5 60.gxh5 Ke7 61.Kc6 Kd8 62.a6  1-0

[Event "1st Gaudeamus Cup"]
[Site "Bucharest ROU"]
[Date "2011.03.26"]
[Round "3"]
[White "Vrabiescu,E"]
[Black "Gulie,C"]
[Result "0-1"]
[WhiteElo "2090"]
[BlackElo "2127"]

1.c4 e6 2.d4 d5 3.Nc3 Nf6 4.Nf3 c6 5.e3 Be7 6.b3 O-O 7.Bd3 b6 8.O-O Bb7 9.Ne5 dxc4
10.Bxc4 Nbd7 11.Nxd7 Qxd7 12.Bb2 Rfd8 13.Qe2 c5 14.dxc5 Bxc5 15.Bb5 Qd2 16.Rfd1 Qxe2
17.Bxe2 Kf8 18.Na4 Be7 19.f3 Rac8 20.Bd4 Nd5 21.e4 Nb4 22.Bb2 Rxd1+ 23.Rxd1 Rc2
24.Kf1 Bc6 25.Rc1 Rxc1+ 26.Bxc1 Nxa2 27.Bd2 Bf6 28.Kf2 Ke7 29.Ke3 Kd6 30.Bd3 b5
31.Bb1 bxa4 32.Bxa2 axb3 33.Bxb3 Kc5 34.Kd3 Bb5+ 35.Kc2 Bf1  0-1

[Event "ch-VIE Men"]
[Site "Da Lat VIE"]
[Date "2011.03.26"]
[Round "9.11"]
[White "Bao Quang"]
[Black "Pham Duc Thang"]
[Result "1/2-1/2"]
[WhiteElo "2301"]
[BlackElo "2232"]

1.d4 d5 2.c4 c6 3.Nc3 Nf6 4.Nf3 e6 5.e3 a6 6.Bd3 Bd6 7.O-O Nbd7 8.b3 b5 9.Bb2 Bb7
10.Rc1 O-O 11.Re1 Rc8  1/2-1/2

[Event "1st Armen Norouz Cup"]
[Site "Esfahan IRI"]
[Date "2011.03.26"]
[Round "3"]
[White "Roohparvar,A"]
[Black "Ghaledar,F"]
[Result "1/2-1/2"]
[WhiteElo "2060"]
[BlackElo "2022"]

1.d4 d5 2.Nf3 Nf6 3.c4 e6 4.Nc3 c6 5.e3 Nbd7 6.Bd3 dxc4 7.Bxc4 b5 8.Bd3 a6
9.O-O c5 10.Qe2 Bb7 11.Bc2 Be7 12.e4 cxd4 13.Nxd4 Qc7 14.Bg5 O-O 15.Rac1 Rac8
16.Be3 Qb8 17.f3 Rfd8 18.Rfd1 Ne5 19.Bf2 Nc4 20.Bb3 Na5 21.Kh1 Nxb3 22.Nxb3 Nd7
23.Na5 Ba8 24.Nb1 Rxc1 25.Rxc1 Rc8 26.Qd1 Bg5 27.Rc2 Rxc2 28.Qxc2 Bd8 29.Bg3 e5
30.Nb3 Qc7 31.Qd1 b4 32.h3 h6 33.Be1 Be7 34.Qd3 Qd6 35.Qe2 Bc6 36.Na5 Bb5
37.Qd2 Bd3 38.Qc1 Qb6 39.Qc8+ Qd8 40.Nc6 Qxc8 41.Nxe7+ Kh7 42.Nxc8 Bxb1 43.Bxb4 Bxa2
44.Nd6 Kg6 45.Kg1 Nb6 46.Bc3 f6 47.b4 Nc4 48.Nf5 Kf7 49.Kf2 h5 50.g3 g6 51.Nh4 Nd6
52.Bd2 Be6 53.g4 hxg4 54.hxg4 Nc4 55.Bc3 Nd6 56.Ng2 Nb5 57.Bb2 Nd6 58.Ne3 Bc4
59.g5 Bb5 60.gxf6 Kxf6 61.Nc2 Ke6 62.Bc3 Bd3 63.Ne3 Bxe4 64.Ng4 Bf5 65.Nxe5 Kd5
66.Ke3 Nc4+ 67.Nxc4 Kxc4 68.Be1 Kb5  1/2-1/2

[Event "ch-Moscow S/F 2011"]
[Site "Moscow RUS"]
[Date "2011.03.26"]
[Round "8"]
[White "Gavrilov,Al1"]
[Black "Arslanov,S"]
[Result "0-1"]
[WhiteElo "2486"]
[BlackElo "2411"]

1.d4 Nf6 2.c4 e6 3.Nf3 d5 4.Nc3 c6 5.e3 Nbd7 6.Qc2 Bd6 7.Bd3 O-O 8.O-O dxc4
9.Bxc4 a6 10.Rd1 b5 11.Be2 Qc7 12.e4 e5 13.Bg5 exd4 14.Rxd4 Bc5 15.Rd2 Ng4
16.Bh4 Qa7 17.Bf1 Nde5 18.Nxe5 Nxe5 19.Bg3 f6 20.a4 b4 21.Ne2 Be6 22.Nf4 Bf7
23.Rad1 b3 24.Qc1 Bb4 25.Re2 Rad8 26.Re3 Qc5 27.Qxc5 Bxc5 28.Ree1 Bb4 29.Rxd8 Rxd8
30.Rb1 Rd2 31.Bxa6 Bc4 32.Bxc4+ Nxc4 33.a5 Bxa5 34.f3 Rxb2 35.Rxb2 Nxb2  0-1

[Event "TCh-HUN 2010-11"]
[Site "Budapest HUN"]
[Date "2011.03.27"]
[Round "7"]
[White "Horvath,Cs1"]
[Black "Czebe,A"]
[Result "1-0"]
[WhiteElo "2529"]
[BlackElo "2479"]

1.d4 d5 2.Nf3 c6 3.c4 Nf6 4.Nc3 e6 5.e3 Nbd7 6.Bd3 dxc4 7.Bxc4 b5 8.Bd3 Bb7
9.O-O Bd6 10.a3 O-O 11.Qc2 a6 12.b4 a5 13.Rb1 axb4 14.axb4 Qe7 15.e4 e5 16.Ne2 Rfe8
17.Ng3 g6 18.Bg5 Qe6 19.dxe5 Bxe5 20.Nxe5 Nxe5 21.Be2 Nfd7 22.Be3 Nc4 23.Bxc4 Qxc4
24.Qxc4 bxc4 25.Bd4 Ra3 26.Rfc1 Ba6 27.Ra1 Rxa1 28.Rxa1 Bb5 29.f3 f6 30.Ra7 Ne5
31.Ne2 Rd8 32.Kf2 Rd6 33.Ke3 Nd3 34.Bc3 h5 35.h4 Ne5 36.Nd4 Nd7 37.Ra3 Kf7
38.Ke2 Ke7 39.Ra7 Kd8 40.f4 Kc8 41.Ra8+ Kb7 42.Rd8 Kc7 43.Rg8 Nb6 44.e5 Rd5  1-0

[Event "ch-Moscow S/F 2011"]
[Site "Moscow RUS"]
[Date "2011.03.27"]
[Round "9"]
[White "Gureev,D"]
[Black "Omariev,M"]
[Result "0-1"]
[WhiteElo "2075"]
[BlackElo "2340"]

1.d4 d5 2.Nf3 Nf6 3.c4 e6 4.Nc3 c6 5.e3 Nbd7 6.Qc2 Bd6 7.Bd3 dxc4 8.Bxc4 b5
9.Be2 O-O 10.O-O Qc7 11.e4 e5 12.dxe5 Nxe5 13.Nxe5 Bxe5 14.f4 Bd4+ 15.Kh1 Qe7
16.Bf3 Ng4 17.g3 Qc5 18.Qe2 Nf2+ 19.Rxf2 Bxf2 20.e5 Bd4 21.Ne4 Qe7 22.Ng5 h6
23.Ne4 Bd7 24.Be3 Bxe3 25.Qxe3 Qb4 26.g4 Be6 27.Rg1 Bd5 28.g5 Bxe4 29.Bxe4 h5
30.f5 Rad8 31.g6 Qd4 32.gxf7+ Rxf7 33.Qf4 Re8 34.e6 Rxe6 35.Re1 Ree7 36.f6 Qxf6
37.Qb8+ Rf8 38.Qg3 Rxe4 39.Rxe4 Qf1+ 40.Qg1 Qf3+ 41.Qg2 Qd1+ 42.Qg1 Rf1  0-1

[Event "JT Mangini Mem"]
[Site "Rio de Janeiro BRA"]
[Date "2011.03.30"]
[Round "2.3"]
[White "Barbosa,Ev"]
[Black "De Carvalho,J"]
[Result "1/2-1/2"]
[WhiteElo "2319"]
[BlackElo "2208"]

1.d4 d5 2.c4 c6 3.Nc3 Nf6 4.e3 e6 5.Nf3 Nbd7 6.Qc2 Bd6 7.Bd3 O-O 8.O-O dxc4
9.Bxc4 e5 10.h3 Qe7 11.a3 exd4 12.exd4 Nb6 13.Re1 Qc7 14.Ba2 Bf4 15.Ne5 Bxc1
16.Raxc1 Qd6 17.Qd2 Nbd5 18.Nxd5 Nxd5 19.Bxd5 Qxd5 20.Rc5 Qd6 21.Nc4 Qg6
22.Re3 Be6 23.Ne5 Qf6 24.b4 Rad8 25.b5 cxb5 26.Rxb5 Bd5 27.Rg3 a6 28.Ng4 Qe7
29.Rc5 b6 30.Re3 Qg5 31.Rc1 h5 32.f4 Qxf4 33.Rf1 Qg5 34.Ne5 Bxg2 35.h4 Qxh4
36.Qxg2 Qxd4 37.Qf2 Rde8 38.Rfe1 Re6 39.Nf3 Qg4+ 40.Kh2 Qf4+ 41.Kh1 Rxe3
42.Rxe3 Rc8 43.Qd2 Qc4 44.Re1 Qb3 45.Qg2 g6 46.Ng5 Rc4 47.Ne4 Kg7 48.Qf2 Qh3+
49.Kg1 Qg4+ 50.Qg2 Qxg2+ 51.Kxg2 Ra4 52.Re3 Ra5 53.Rb3 g5 54.Rxb6 h4 55.Kf3 Rxa3+
56.Kg4 f6 57.Nxf6 h3 58.Kxg5 h2 59.Rb7+ Kf8 60.Rh7 Ra2 61.Ng4 a5 62.Nxh2 Kg8
63.Ra7 Rxh2  1/2-1/2

[Event "Bocharov Memorial"]
[Site "Borisoglebsk RUS"]
[Date "2011.04.01"]
[Round "2"]
[White "Zemlyanskiy,D"]
[Black "Pilkin,E"]
[Result "1-0"]
[WhiteElo "2292"]
[BlackElo "2032"]

1.Nf3 d5 2.d4 Nf6 3.c4 e6 4.Nc3 c6 5.e3 Nbd7 6.Bd3 dxc4 7.Bxc4 b5 8.Bb3 Bb7
9.O-O Be7 10.Re1 a6 11.e4 O-O 12.e5 Nd5 13.Nxd5 cxd5 14.Bc2 Re8 15.Qd3 Nf8
16.Be3 Rc8 17.Nd2 Bb4 18.a3 Bxd2 19.Qxd2 Rc7 20.Bd3 Qe7 21.Bg5 Qd7 22.Re3 Rec8
23.Rg3 Rc4 24.h4 Kh8 25.Bf6 Ng6 26.Qh6 gxf6 27.exf6 Rg8 28.Rg5  1-0

[Event "Telin International Open"]
[Site "Jakarta INA"]
[Date "2011.04.01"]
[Round "1.13"]
[White "Sitanggang,S"]
[Black "Febriana,N"]
[Result "1-0"]
[WhiteElo "2383"]
[BlackElo "1955"]

1.d4 d5 2.Nf3 Nf6 3.c4 c6 4.e3 e6 5.Nc3 Nbd7 6.Qc2 Bd6 7.Bd3 O-O 8.O-O e5
9.cxd5 cxd5 10.Nb5 Bb8 11.dxe5 Nxe5 12.Nxe5 Bxe5 13.Bd2 Bd7 14.Nd4 Rc8 15.Qb3 Bc6
16.Bf5 Rb8 17.Qc2 Ne4 18.Bb4 Re8 19.Rad1 Qf6 20.Bg4 Qh4 21.h3 Bxd4 22.Rxd4 h5
23.Bd1 Qg5 24.Qe2 g6 25.Bb3 a6 26.Rfd1 Rbd8 27.Qf3 Re5 28.Qf4 Rf5 29.Qxg5 Nxg5
30.e4 a5 31.Bxa5 Ra8 32.exf5 Rxa5 33.h4 Ne4 34.fxg6  1-0

[Event "1st Evgen Zaveriukha Mem"]
[Site "Lviv UKR"]
[Date "2011.04.01"]
[Round "2.4"]
[White "Masliak,D"]
[Black "Gorbach,O"]
[Result "0-1"]
[WhiteElo "2166"]
[BlackElo "1969"]

1.Nf3 d5 2.d4 Nf6 3.c4 e6 4.Nc3 c6 5.e3 Nbd7 6.Bd3 dxc4 7.Bxc4 b5 8.Bd3 Bb7
9.O-O a6 10.e4 c5 11.e5 Nd5 12.Ne4 cxd4 13.Bg5 Qb6 14.Rc1 Nc5 15.Nxc5 Bxc5
16.a3 Be7 17.Bb1 Rd8 18.Qd3 Bxg5 19.Nxg5 Nf4 20.Qd2 Nxg2 21.Bxh7 Rxh7 22.Nxh7 Nh4
23.Qf4 Nf3+ 24.Kg2 Ng5+ 25.Kg3 Nxh7 26.Qh4 Nf8 27.b4 d3 28.Rc5 d2 29.Rd1 Rd3+  0-1

[Event "TCh-NOR Attack-serien 2010-11"]
[Site "Oslo NOR"]
[Date "2011.04.01"]
[Round "7"]
[White "Lahlum,H"]
[Black "Sorgjerd,J"]
[Result "1/2-1/2"]
[WhiteElo "2221"]
[BlackElo "2131"]

1.d4 d5 2.c4 c6 3.Nf3 Nf6 4.e3 e6 5.Nc3 Nbd7 6.Bd3 Be7 7.O-O O-O 8.e4 dxe4
9.Nxe4 Nxe4 10.Bxe4 Nf6 11.Bc2 c5 12.Qd3 cxd4 13.Bg5 g6 14.Qxd4 Qxd4 15.Nxd4 Rd8
16.Rad1 Bd7 17.Nf3 Be8 18.Ne5 Kg7 19.b3 Rac8 20.Bc1 Rxd1 21.Rxd1 Rd8 22.Bb2 Kf8
23.Kf1 h5 24.Ke2 Nd7 25.Be4 Nxe5 26.Bxe5 Rxd1 27.Kxd1 Bc6 28.Bxc6 bxc6 29.Bd4 a6
30.Kc2 Ke8 31.Kd3 Kd7 32.c5 e5 33.Bxe5 Bxc5 34.Bd4 Bd6 35.h3  1/2-1/2

[Event "12th ch-EUR"]
[Site "Aix-les-Bains FRA"]
[Date "2011.04.02"]
[Round "11.76"]
[White "Gutov,A"]
[Black "Rogozenco,D"]
[Result "0-1"]
[WhiteElo "2445"]
[BlackElo "2553"]

1.d4 d5 2.c4 c6 3.Nc3 Nf6 4.e3 e6 5.Nf3 Nbd7 6.Bd3 dxc4 7.Bxc4 b5 8.Bd3 a6
9.e4 c5 10.e5 cxd4 11.Nxb5 axb5 12.exf6 gxf6 13.O-O Qb6 14.Bf4 Bb7 15.Qe2 Bd6
16.Bg3 b4 17.Be4 Bxg3 18.hxg3 Ba6 19.Qd2 Rd8 20.Rfe1 Nc5 21.Qf4 Ke7 22.Rad1 d3
23.Nh4 Rd4 24.Nf3 Rxe4 25.Rxe4 Nxe4 26.Qxe4 Rc8 27.Rd2 Rc1+ 28.Kh2 Qc5 29.Qxh7 Ra1
30.Qe4 Rxa2 31.g4 Qd6+ 32.g3 Ra1 33.Nd4 Kf8 34.f3 Kg7 35.Kg2 Qc5 36.Nb3 Qg1+
37.Kh3 Qf1+ 38.Rg2 Re1 39.Nd2 Qh1+ 40.Rh2 Qg1 41.Rg2 Qh1+ 42.Rh2 Rxe4 43.Rxh1 Re2
44.Rh2 Bb7 45.Rg2 e5  0-1

[Event "1st Evgen Zaveriukha Mem"]
[Site "Lviv UKR"]
[Date "2011.04.02"]
[Round "5.2"]
[White "Davymuka,Roman"]
[Black "Melnichenko,A"]
[Result "1-0"]
[WhiteElo "2138"]
[BlackElo "2282"]

1.d4 d5 2.c4 c6 3.Nc3 Nf6 4.Nf3 e6 5.e3 Nbd7 6.Bd3 dxc4 7.Bxc4 b5 8.Bd3 a6
9.O-O c5 10.e4 cxd4 11.Nxd4 Bb7 12.Bg5 Be7 13.Re1 Nc5 14.Bc2 b4 15.Na4 Ncxe4
16.Bxe4 Nxe4 17.Bxe7 Kxe7 18.Qd3 Nf6 19.Nc5 Bd5 20.Qg3 Kf8 21.Rxe6 Rc8 22.Rd6 Qe8
23.Rxf6 Rxc5 24.Nf5 g6 25.Qd6+ Kg8 26.Qxc5  1-0

[Event "Karposh Open"]
[Site "Skopje MKD"]
[Date "2011.04.02"]
[Round "1"]
[White "Bogdanovski,V"]
[Black "Temkov,B"]
[Result "1-0"]
[WhiteElo "2421"]
[BlackElo "1938"]

1.c4 Nf6 2.Nf3 c6 3.Nc3 d5 4.e3 e6 5.d4 Bb4 6.Bd3 O-O 7.O-O Nbd7 8.a3 Bd6
9.Qc2 Re8 10.e4 dxe4 11.Nxe4 Nxe4 12.Bxe4 h6 13.b4 Nf6 14.Bd3 a5 15.Bd2 Bc7
16.Rfd1 Nh5 17.g3 Qf6 18.Be4 Qe7 19.Ne5 Nf6 20.Bg2 a4 21.Re1 Rd8 22.Bc3 Ne8
23.Rad1 f6 24.Nd3 Qf7 25.Nc5 Nd6 26.Bb2 Kh8 27.Re2 e5 28.dxe5 Nxc4 29.Rxd8+ Bxd8
30.e6 Qe7 31.Qxc4 b6 32.Bxc6 Ra7 33.Nd7 Rc7 34.b5 Qd6 35.Qxa4 Be7 36.Bc1 Qd3
37.Qc2 Qd4 38.Bb2 Qg4 39.Qe4 Qg5 40.Nxb6 f5 41.Qf4  1-0

[Event "Telin International Open"]
[Site "Jakarta INA"]
[Date "2011.04.03"]
[Round "4.3"]
[White "Halay,T"]
[Black "Barua,D"]
[Result "1-0"]
[WhiteElo "2346"]
[BlackElo "2468"]

1.d4 d5 2.c4 e6 3.Nc3 Nf6 4.Nf3 c6 5.e3 Nbd7 6.Bd3 Bd6 7.e4 dxc4 8.Bxc4 b5
9.Bd3 e5 10.O-O O-O 11.Bg5 a6 12.Bc2 Qe7 13.Kh1 Re8 14.a3 Qf8 15.Qd2 exd4
16.Nxd4 Ne5 17.Bxf6 gxf6 18.Rad1 Nc4 19.Qc1 Re5 20.Nxc6 Rh5 21.e5 fxe5 22.Ne4 Be7
23.Ng3 Rh4 24.Be4 Bf6 25.Ne7+ Bxe7 26.Bxa8 Bg4 27.Bf3 Bxf3 28.gxf3 Qc8 29.Rg1 Kf8
30.b3 Qh3 31.Rg2 Nd6 32.Qc6 Qe6 33.Ne4 Rh6 34.Nxd6 Bxd6 35.Qa8+ Ke7 36.Rg8  1-0

[Event "TCh-NOR Attack-serien 2010-11"]
[Site "Oslo NOR"]
[Date "2011.04.03"]
[Round "9"]
[White "Briseid,H"]
[Black "Gyldenas,O"]
[Result "1-0"]
[WhiteElo "2118"]
[BlackElo "2053"]

1.d4 d5 2.c4 e6 3.Nc3 c6 4.Nf3 Nf6 5.e3 Be7 6.Bd3 O-O 7.O-O Nbd7 8.Qc2 dxc4
9.Bxc4 b5 10.Bd3 Bb7 11.e4 g6 12.Bh6 Re8 13.e5 Nh5 14.Ne4 Ng7 15.h4 Nf5 16.Bg5 h6
17.Bd2 Qb6 18.b4 Nxd4 19.Nxd4 Qxd4 20.Bc3 Qb6 21.Nf6+ Bxf6 22.exf6 e5 23.Bxg6 Nxf6
24.Rfe1 Qc7 25.Bf5 c5 26.Bd2 Qc6 27.f3 cxb4 28.Qb2 Qc5+ 29.Be3 Qf8 30.Qc1 Qg7
31.Bxh6 Qg3 32.Bg4 Qxh4 33.Bg5 Qh8 34.Bf5 Qg7 35.Kf2 Nh7 36.Bh4 Bd5 37.Rh1 Be6
38.Bxh7+ Qxh7 39.Bf6 Bf5 40.Qg5+ Bg6 41.Rxh7 Kxh7 42.Rh1+  1-0

[Event "Telin International Open"]
[Site "Jakarta INA"]
[Date "2011.04.04"]
[Round "5.12"]
[White "Purnama,T"]
[Black "Rismanto,R"]
[Result "1-0"]
[WhiteElo "2404"]
[BlackElo "2166"]

1.d4 d5 2.Nf3 Nf6 3.c4 c6 4.Nc3 e6 5.e3 a6 6.Qc2 Nbd7 7.b3 Bb4 8.a3 Bxc3+
9.Qxc3 Ne4 10.Qc2 O-O 11.Bd3 f5 12.O-O Qf6 13.b4 g5 14.Bb2 g4 15.Ne5 Qh4
16.f4 Nxe5 17.dxe5 Bd7 18.Bxe4 dxe4 19.Rad1 Rad8 20.Bd4 Bc8 21.Bc5 Rfe8 22.Bb6 Rxd1
23.Rxd1 g3 24.h3 h6 25.Rd6 Qh5 26.Qd2 Kh7 27.Bd8 Rg8 28.Bf6 Qf7 29.c5  1-0

[Event "Telin International Open"]
[Site "Jakarta INA"]
[Date "2011.04.05"]
[Round "6.6"]
[White "Halay,T"]
[Black "Irwanto,S"]
[Result "0-1"]
[WhiteElo "2346"]
[BlackElo "2417"]

1.d4 Nf6 2.c4 e6 3.Nc3 d5 4.Nf3 c6 5.e3 Nbd7 6.Bd3 Bd6 7.e4 dxe4 8.Nxe4 Nxe4
9.Bxe4 e5 10.O-O exd4 11.Qxd4 Qf6 12.Bg5 Qxd4 13.Nxd4 Nc5 14.Bf3 Ne6 15.Be3 Nxd4
16.Bxd4 O-O 17.Rfd1 Be7 18.a4 Be6 19.b3 Rfd8 20.a5 Rxd4 21.Rxd4 Bf6 22.Rad1 Bxd4
23.Rxd4 Kf8 24.Kf1 Ke7 25.Ke2 Rb8 26.b4 a6 27.Ke3 h6 28.Kd3 Rc8 29.Kc3 Rc7
30.g3 g5 31.Bg2 f6 32.f4 Bc8 33.Kd3 Bf5+ 34.Ke3 Be6 35.Bf3 c5 36.Re4 Kd6
37.b5 axb5 38.cxb5 Bd5 39.b6 Rc8 40.Ra4 Bxf3 41.Kxf3 c4 42.Ke2 Kc5 43.Kd2 Kb5
44.Ra1 Ra8 45.Rb1+ Kc5 46.Ra1 gxf4 47.gxf4 Rd8+ 48.Kc2 Kb5 49.Kc3 Rd6 50.Kc2 Ka6
51.Ra4 Rd4 52.f5 Rf4 53.Kc3 Rxf5 54.Rxc4 Kxa5 55.Re4 Kxb6 56.Kb4 Kc6 57.Re6+ Kd7
58.Rb6 Kc7 59.Re6 h5 60.Re7+ Kb8 61.Rh7 Ka7 62.Re7 Ka6 63.Re6+ b6 64.Kc4 Rf4+
65.Kb3 Kb5 66.h4 Rf3+ 67.Kc2 Kc5 68.Re8 Rf4 69.Re6 b5 70.Kb3 Rf3+ 71.Kc2 b4
72.Re8 Rf4  0-1

[Event "Telin International Open"]
[Site "Jakarta INA"]
[Date "2011.04.05"]
[Round "7.2"]
[White "Gagunashvili,M"]
[Black "Zhang Zhong"]
[Result "1/2-1/2"]
[WhiteElo "2599"]
[BlackElo "2592"]

1.d4 e6 2.c4 d5 3.Nf3 Nf6 4.Nc3 c6 5.e3 Nbd7 6.Bd3 dxc4 7.Bxc4 b5 8.Bd3 Bd6
9.O-O O-O 10.Bd2 Bb7 11.Rc1 Qb8 12.e4 e5 13.dxe5 Nxe5 14.Nxe5 Bxe5 15.f4 Bd4+
16.Kh1 c5 17.e5 Bxc3 18.Bxc3 Ne4 19.Qc2 Nxc3 20.bxc3 g6 21.Rce1 c4 22.Be4 Bxe4
23.Qxe4 Qd8 24.e6 fxe6 25.Qxe6+ Rf7 26.a4 bxa4 27.Qxc4 Qc7 28.Qxa4 Qxc3 29.Rc1 Qb2
30.Rb1 Qf6 31.Qe4 Rd8 32.g3 Kg7 33.Rfe1  1/2-1/2

[Event "JT Mangini Mem"]
[Site "Rio de Janeiro BRA"]
[Date "2011.04.05"]
[Round "6.4"]
[White "Di Berardino,D"]
[Black "Abdalla,L"]
[Result "1-0"]
[WhiteElo "2480"]
[BlackElo "2322"]

1.d4 d5 2.c4 c6 3.Nc3 Nf6 4.e3 e6 5.Nf3 Nbd7 6.Qc2 Bd6 7.b3 O-O 8.Be2 b6
9.O-O Bb7 10.Bb2 Qe7 11.Rad1 Rad8 12.Rfe1 c5 13.cxd5 exd5 14.Bf1 Bb8 15.g3 Rfe8
16.Bg2 Nf8 17.Nh4 Ne6 18.Nf5 Qf8 19.dxc5 bxc5 20.Na4 Ne4 21.f3 Nd6 22.Nxc5 Rc8
23.b4 Nxf5 24.Qxf5 Nxc5 25.bxc5 Qxc5 26.Bd4 Qc6 27.f4 Qg6 28.Qxg6 hxg6 29.Rb1 Re7
30.g4 Rc2 31.Rec1 Rxa2 32.Bxd5 Bxd5 33.Rxb8+  1-0

[Event "11th European Senior"]
[Site "Courmayeur ITA"]
[Date "2011.04.06"]
[Round "1.1"]
[White "Timoscenko,G"]
[Black "Elfert,A"]
[Result "1-0"]
[WhiteElo "2502"]
[BlackElo "2039"]

1.d4 d5 2.c4 e6 3.Nf3 Nf6 4.Nc3 c6 5.e3 Nbd7 6.Qc2 Bd6 7.Bd3 Qe7 8.O-O g5
9.e4 g4 10.Nd2 e5 11.exd5 exd4 12.Nce4 Be5 13.Re1 Nh5 14.Nf1 O-O 15.Nfg3 Nxg3
16.Nxg3 Qh4 17.f4 gxf3 18.Re4 f2+ 19.Qxf2 Bxg3 20.hxg3 Qd8 21.Qf5 Nf6 22.Qg5+ Kh8
23.Rh4 Rg8 24.Qxf6+  1-0

[Event "Karposh Open"]
[Site "Skopje MKD"]
[Date "2011.04.06"]
[Round "6"]
[White "Kukov,T"]
[Black "Nikolovski,Nikola"]
[Result "1-0"]
[WhiteElo "2076"]
[BlackElo "1823"]

1.d4 d5 2.c4 e6 3.Nc3 c6 4.e3 Nf6 5.Nf3 Bd6 6.Qc2 O-O 7.b3 Nbd7 8.Be2 Re8
9.O-O Nf8 10.Bb2 Ng6 11.Rfd1 Qe7 12.Rac1 dxc4 13.bxc4 e5 14.Ne4 Nxe4 15.Qxe4 f5
16.Qc2 e4 17.Ne1 f4 18.c5 Bc7 19.d5 cxd5 20.c6 fxe3 21.fxe3 Bb6 22.Bd4 Bxd4
23.Rxd4 bxc6 24.Qxc6 Be6 25.Qc7 Qa3 26.Qc3 Qe7 27.Ba6 Rab8 28.Nc2 Qg5 29.Ne1 Rb6
30.Bf1 Rc8 31.Qd2 Rxc1 32.Qxc1 Rb1 33.Qd2 Nh4 34.Kh1 Nf5 35.Rxd5 Rxe1 36.Rxf5 Rb1
37.Rf2 h6 38.Qd6 Bc4 39.Qf8+ Kh7 40.Kg1 Bxf1 41.Rxf1 Qxe3+ 42.Kh1 Rxf1+ 43.Qxf1 Qc5
44.h3 e3 45.Qd3+ Kg8 46.Kh2 Qe5+ 47.Kg1 e2 48.Qd8+ Kf7 49.Qd7+ Kf6 50.Qd8+ Kf5
51.Qd3+ Ke6 52.Qc4+ Kd6 53.Qa6+ Kd5 54.Qa5+ Ke4 55.Qe1 Qd4+ 56.Kh2 Qd6+ 57.g3 Kd3
58.Qb1+ Kd2 59.Qb2+ Ke1 60.Qb1+ Kf2 61.Qg1+ Kf3 62.Qh1+ Ke3 63.Qc1+ Qd2 64.Qa3+ Kf2
65.Qxa7+ Qe3 66.Qf7+ Qf3 67.Qa7+ Kf1 68.Qg1+  1-0

[Event "JT Mangini Mem"]
[Site "Rio de Janeiro BRA"]
[Date "2011.04.07"]
[Round "8.3"]
[White "Di Berardino,D"]
[Black "Stamenkovic,Dr"]
[Result "1-0"]
[WhiteElo "2480"]
[BlackElo "2389"]

1.d4 d5 2.c4 c6 3.Nc3 Nf6 4.e3 e6 5.Nf3 Nbd7 6.Qc2 Bd6 7.Bd3 O-O 8.O-O dxc4
9.Bxc4 e5 10.Bb3 a6 11.h3 Qc7 12.a4 exd4 13.exd4 Bf4 14.Be3 Nb6 15.Ne5 Bxe3
16.fxe3 Qe7 17.Ne4 Nbd5 18.Ng5 h6 19.Ngxf7 Be6 20.Nh8 Nxe3 21.Nhg6 Qd6 22.Qc5 Rfd8
23.Ne7+ Kh8 24.Bxe6 Qxe6 25.Rfe1 Nfd5 26.Nxd5 Nxd5 27.Qc2 Kg8 28.Ng4 Nb4
29.Qc3 Qd6 30.Rad1 Nd5 31.Qc2 Rf8 32.Re5 Rf4 33.Rde1 Raf8 34.Qd3 Nb4 35.Qb3+ Kh7
36.R5e4 Rxe4 37.Rxe4 Qd5 38.Qxb4 Qf5 39.Qe1  1-0

[Event "JT Mangini Mem"]
[Site "Rio de Janeiro BRA"]
[Date "2011.04.07"]
[Round "8.5"]
[White "De Carvalho,J"]
[Black "Abdalla,L"]
[Result "1-0"]
[WhiteElo "2208"]
[BlackElo "2322"]

1.d4 d5 2.c4 e6 3.Nc3 c6 4.e3 Nf6 5.Nf3 Nbd7 6.Bd3 dxc4 7.Bxc4 b5 8.Bd3 Bb7
9.a3 a6 10.b4 a5 11.Rb1 axb4 12.axb4 Bd6 13.e4 e5 14.O-O O-O 15.Ne2 Qe7 16.Ng3 g6
17.dxe5 Nxe5 18.Nxe5 Bxe5 19.f4 Bd4+ 20.Kh1 c5 21.bxc5 Bxc5 22.Qe2 h5 23.Bb2 Ng4
24.Rf3 b4 25.Rc1 Rfd8 26.h3 Bb6 27.Rcf1 Rxd3 28.Qxd3 Ba6 29.Ra1 Bxd3 30.Rxa8+ Bd8
31.hxg4 Bc4 32.g5 f5 33.Bf6 Qb7 34.Rxd8+ Kf7 35.exf5 gxf5 36.Nxf5 Qc6 37.Rc8 Qe6
38.Nh6+ Kg6 39.f5+  1-0

[Event "10th Weiz City Open"]
[Site "Weiz AUT"]
[Date "2011.04.07"]
[Round "1"]
[White "Winiwarter,F"]
[Black "Klinkan,E"]
[Result "1-0"]
[WhiteElo "2174"]
[BlackElo "1983"]

1.d4 d5 2.c4 e6 3.Nc3 Nf6 4.Nf3 c6 5.e3 Be7 6.Bd3 O-O 7.O-O dxc4 8.Bxc4 Nbd7
9.Qe2 Qc7 10.e4 e5 11.dxe5 Nxe5 12.Nxe5 Qxe5 13.f4 Bc5+ 14.Kh1 Qe7 15.Be3 Bxe3
16.Qxe3 Ng4 17.Qe2 Qh4 18.g3 Qh6 19.Rae1 b5 20.Bb3 Kh8 21.Qg2 a5 22.Kg1 b4
23.Na4 Ba6 24.Rf3 Rad8 25.h3 Nf6 26.g4 Qh4 27.Rfe3 Rd4 28.Nc5 Bb5 29.Rd1 Rxd1+
30.Bxd1 Re8 31.Bb3 Nd5 32.Bxd5 cxd5 33.Qf2 Qxf2+ 34.Kxf2 d4 35.Re1 Rc8 36.Rc1 Kg8
37.Nb3 Rxc1 38.Nxc1 a4 39.a3 bxa3 40.bxa3 Bc6 41.e5 Kf8 42.Ne2 d3 43.Nc3 Ke7
44.Ke3 Bg2 45.h4 Bh3 46.g5 d2 47.Kxd2 Bd7 48.Ke3 Ke6 49.Kd4 Kf5 50.Kd5 Be6+
51.Kd4 Bb3 52.Ke3 Kg4 53.Ne2 Kxh4 54.Nd4 Bd5 55.Nf5+ Kg4 56.Nxg7 Bc6 57.e6 fxe6
58.Nxe6 Bd7 59.Nd4 Kh5 60.Ke4 Kg6 61.Ke5 Bg4 62.Ne6 Bd1 63.f5+ Kf7 64.Nc5 Bc2
65.Ne4 Bb3 66.Nf6 Kg7 67.Kd6 Bc2 68.Ke6 Bb3+ 69.Ke7 Bf7 70.Nxh7  1-0

[Event "11th European Senior"]
[Site "Courmayeur ITA"]
[Date "2011.04.08"]
[Round "3.4"]
[White "Butnorius,A"]
[Black "Lederman,L"]
[Result "1-0"]
[WhiteElo "2388"]
[BlackElo "2266"]

1.d4 d5 2.Nf3 c6 3.c4 Nf6 4.Nc3 e6 5.e3 Nbd7 6.Qc2 a6 7.b3 c5 8.Bd3 Bd6 9.O-O O-O
10.Bb2 cxd4 11.exd4 b6 12.Rfe1 Qc7 13.Qe2 Bb7 14.Ne5 dxc4 15.bxc4 Rad8 16.Rad1 Nb8
17.Qe3 Nc6 18.Qh3 g6 19.Nxc6 Bxc6 20.d5 exd5 21.Nxd5 Nxd5 22.cxd5 Bxd5 23.Bxa6 Be6
24.Qh6 f6 25.Rc1 Qa7 26.Rxe6 Qxa6 27.Bxf6 Rxf6 28.Rxf6 Qd3 29.Rf3 Qd5 30.Qe3 Qxa2
31.Qxb6 Be7 32.Qb3+ Qxb3 33.Rxb3 Rd7 34.g3 Kf7 35.Rcb1 h5 36.Rb7  1-0

[Event "Schachbundesliga 2010-11"]
[Site "Aue GER"]
[Date "2011.04.09"]
[Round "14"]
[White "Ragger,M"]
[Black "Spiess,Gu"]
[Result "1-0"]
[WhiteElo "2628"]
[BlackElo "2429"]

1.Nf3 d5 2.c4 c6 3.e3 Nf6 4.Nc3 e6 5.d4 Nbd7 6.Qc2 Be7 7.Bd3 dxc4 8.Bxc4 b5
9.Bd3 Bb7 10.O-O Rc8 11.a3 a5 12.Rd1 b4 13.axb4 axb4 14.Na4 c5 15.dxc5 Bxf3
16.gxf3 Bxc5 17.Ba6 Rc7 18.Nxc5 O-O 19.Nxe6 fxe6 20.Qe2 Ra7 21.b3 Nd5 22.Bb2 Qh4
23.Rd4 Qh3 24.Rg4 Nc3 25.Bxc3 bxc3 26.Rg3 Qf5 27.Rc1 Rfa8 28.Bd3 Qf6 29.Kg2 Ra2
30.Bxh7+ Kxh7 31.Qd3+ Kg8 32.Qxd7 Rd8 33.Qc6 Rdd2 34.Qe8+ Qf8 35.Qxe6+ Qf7
36.Qc8+ Qf8 37.Rxc3 Rxf2+ 38.Kh3 Rxh2+ 39.Kg4 Qxc8+ 40.Rxc8+ Kf7 41.Rc7+ Kf6
42.f4 Ra6 43.e4 Rb6 44.e5+ Kg6 45.Kf3+ Kh6 46.Rcxg7 Rh5 47.R7g5  1-0